Online
Catalog
Normal view MARC view

Entry Nombre corporativo

Number of records used in: 33

001 - NÚMERO DE CONTROL

  • campo de control: 187

003 - IDENTIFICADOR DEL NÚMERO DE CONTROL

  • campo de control: BNPHU

005 - FECHA Y HORA DE LA ÚLTIMA TRANSACCIÓN

  • campo de control: 20250401130908.0

008 - DATOS DE LONGITUD FIJA

  • campo de control de longitud fija: 200615|| aca||aabn | a|a d

010 ## - NÚMERO DE CONTROL DE LA BIBLIOTECA DEL CONGRESO

  • Número de control de LC: n 79005639

040 ## - FUENTE DE LA CATALOGACIÓN

  • Centro catalogador/agencia de origen: DO-SdBNP
  • Lengua de catalogación: spa
  • Centro/agencia transcriptor: BNPHU
  • Normas de descripción: rda

110 2# - ENCABEZAMIENTO-NOMBRE DE ENTIDAD CORPORATIVA

  • Nombre de entidad corporativa o nombre de jurisdicción como elemento de entrada: Programa de las Naciones Unidas para el Desarrollo

410 2# - TRAZADO DE VÉASE--NOMBRE DE ENTIDAD CORPORATIVA

  • Nombre de entidad corporativa o nombre de jurisdicción como elemento de entrada: PNUD

410 2# - TRAZADO DE VÉASE--NOMBRE DE ENTIDAD CORPORATIVA

  • Nombre de entidad corporativa o nombre de jurisdicción como elemento de entrada: United Nations Development Programme

410 2# - TRAZADO DE VÉASE--NOMBRE DE ENTIDAD CORPORATIVA

  • Nombre de entidad corporativa o nombre de jurisdicción como elemento de entrada: UNDP

410 2# - TRAZADO DE VÉASE--NOMBRE DE ENTIDAD CORPORATIVA

  • Nombre de entidad corporativa o nombre de jurisdicción como elemento de entrada: Programme des Nations Unies pour le Développement

670 ## - FUENTE DE DATOS ENCONTRADOS

  • Cita de la fuente: Work cat.: (OSt)43: Foro sobre Desarrollo Humano (1: 2006 Santo Domingo, República Dominicana) 181, Áreas protegidas y desarrollo humano :, 2006.

670 ## - FUENTE DE DATOS ENCONTRADOS

  • Identificador Uniforme del Recurso: https://authorities.loc.gov/cgi-bin/Pwebrecon.cgi?AuthRecID=1418997&v1=1&HC=1&SEQ=20250401123810&PID=dXXDqRro1b9YqtD4MBw1eyVrk3mk Consultado en 01 de abril, 2025

670 ## - FUENTE DE DATOS ENCONTRADOS

  • Cita de la fuente: Sitio web oficial del Programa de las Naciones Unidas para el Desarrollo, 26 marzo 2009:
  • Información encontrada: (Programa de las Naciones Unidas para el Desarrollo; PNUD; United Nations Development Programme; UNDP; Programme des Nations Unies pour le Développement)
  • Identificador Uniforme del Recurso: https://www.undp.org/es

678 1# - DATOS BIOGRÁFICOS O HISTÓRICOS

  • Datos biográficos o históricos: El Programa de las Naciones Unidas para el Desarrollo fue creado en 1965

Powered by Koha